00327nam a2200121Ia 4500008004100000041000800041082001400049100002000063245004500083260004400128300002400172365000900196240624s9999 xx 000 0 und d aeng a332.6 FAB aFABOZZI FRANK J aPERSPECTIVES ON INTERNATIONAL FIXED INCO c1998aPennsylvaniabJohn Wiley and Sons a287 : p. : cm. ; 24 cb30